|
|
|
|
| LEADER |
00647cam a2200205 a 4500 |
| 001 |
0000066700 |
| 005 |
20030618090000.0 |
| 040 |
|
|
|a mod
|
| 041 |
|
|
|a eng
|
| 020 |
0 |
0 |
|a 9679471829
|
| 090 |
0 |
0 |
|a 332.4952
|b ATO
|e 1994
|
| 100 |
1 |
0 |
|a Atoh
|h Makoto
|
| 245 |
1 |
0 |
|a Population dynamics
|b its social and economic impact and policy responses in Japan
|c Makoto Atoh
|
| 260 |
0 |
0 |
|a Kuala Lumpur
|b ISIS Malaysia
|c 1994
|
| 300 |
0 |
0 |
|a 43p.
|b ill.
|c 23cm
|
| 440 |
0 |
0 |
|a (Japan lecture series ; no. 8)
|
| 650 |
0 |
0 |
|a Capital market
|z Japan
|
| 650 |
0 |
0 |
|a Japan
|x Economic policy
|
| 852 |
0 |
0 |
|a 01
|
| 999 |
|
|
|a 0214407
|b KEMENTAH
|d BOOKS
|e Rujukan
|f Perpustakaan KEMENTAH
|j AVAILABLE
|q GOOD CONDITION
|